| 000 | 00981nam a2200349 4500 | ||
|---|---|---|---|
| 001 | 6228 | ||
| 003 | DO-SdBNP | ||
| 005 | 20180221110751.0 | ||
| 007 | 6228 | ||
| 008 | 950322s1992 sp a ||| ||spa | ||
| 016 | 7 |
_a _2BPMSU |
|
| 017 |
_a _b |
||
| 020 | _a8434822652 | ||
| 035 | _a | ||
| 040 |
_aBPMSU _bspa _cBPMSU _e |
||
| 041 | 1 |
_aspa _h |
|
| 080 | 0 | _a | |
| 100 | 1 | _aKordon, Klaus | |
| 240 | 1 | 4 | _aDas Fünfmarkstück / |
| 245 | 1 | 3 |
_aLa moneda de cinco marcos _cKlaus Kordon ; traducción Carmen Bas ; ilustraciones, Pablo Núñez _h |
| 250 | _a6ª ed. | ||
| 260 |
_aMadrid : _bSM _c1992 |
||
| 300 |
_a77 p.: _bil., _c19 cm |
||
| 490 |
_aEl barco de vapor. _a Serie azul _v27 |
||
| 521 | _aA partir de 7 años. | ||
| 700 | 1 |
_aNúñez, Pablo _d1963- _eil. |
|
| 700 | 1 |
_aBas Álvarez, Carmen _etra. |
|
| 830 |
_aEl barco de vapor. _pSerie azul _v27 |
||
| 942 |
_2ddc _cBK |
||
| 945 | _aInventariado, 2018/ YL | ||
| 956 |
_a VMATEO _210 _320160404 _6BPMSU _80069 |
||
| 999 |
_c9535 _d9535 |
||